000 00265nam a2200109Ia 4500
008 200302s9999 xx 000 0 und d
100 _aAlbert W. Porter
245 _aPrinciples of Design Pattern
260 _bDavis Publishing Inc.,
260 _c1975
300 _a80 P.,
999 _c276
_d276